| 000 | 01152nam0a2200313 4500 | ||
|---|---|---|---|
| 001 | RU\NLR\bibl\95498 | ||
| 005 | 20250617081430.0 | ||
| 010 |
_a5-86709-059-0 _94000 |
||
| 021 |
_aRU _b2000-6751 _9337 |
||
| 035 | _a(NLR Aleph) 000093336 | ||
| 090 |
_a524422 _c524422 |
||
| 100 | _a20000703d2000 |||y0rusy50 ca | ||
| 101 | 0 | _arus | |
| 102 | _aRU | ||
| 105 | _aa ||||||||| | ||
| 200 | 1 |
_aПуть к звездам отеля _e[Об отеле "Рэдиссон-САС-Лазурная"] _fБорис Аверьянов |
|
| 210 |
_aСочи _cБ.и. _d2000 |
||
| 215 |
_a230,[1] с., [20] л. ил., цв. ил., портр. _cпортр. _d22 |
||
| 601 | 0 | 2 |
_a"Рэдиссон-САС-Лазурная", отель _cСочи _2psbo |
| 606 | 0 |
_aГостиницы _yРоссийская Федерация _92171479 _3RU\NLR\auth\661306207 |
|
| 686 | _aУ44(2)135.7 | ||
| 700 | 1 |
_aАверьянов _bБ. И. _gБорис Иванович _4070 |
|
| 801 | 0 |
_aRU _bNLR _c20000703 _gPSBO |
|
| 801 | 1 |
_aRU _bNLR _c20000703 |
|
| 830 | _aАвт. по кн. | ||
| 852 |
_aNLR _j2000-5/1469 |
||
| 942 | _cBOOK | ||
| 980 | _aNB | ||